| 000 | 00819pam a2200241 a 4500 | ||
|---|---|---|---|
| 001 | 2615345 | ||
| 005 | 20180221073449.0 | ||
| 008 | 980423s1998 mdu b 001 0 eng | ||
| 010 | _a 98022991 | ||
| 020 | _a0761811648 (pbk. : alk. paper) | ||
| 040 |
_aDLC _cDLC _dDLC |
||
| 041 | _aeng | ||
| 043 | _an-us--- | ||
| 080 | _a370.112 GLY | ||
| 082 | 0 | 0 |
_a370.112 GLY _221 |
| 100 | _a47 | ||
| 101 | _aEDU | ||
| 245 | 0 | 4 |
_aThe liberal arts in higher education : _cedited by Diana Glyer, David L. Weeks. |
| 504 | _aIncludes bibliographical references (p. [145]-156) and index. | ||
| 906 |
_a7 _bcbc _corignew _d1 _eocip _f19 _gy-gencatlg |
||
| 942 |
_2ddc _cBK |
||
| 999 |
_c43063 _d43063 |
||